Phúc ông tự truyện
Sách kể lại toàn bộ cuộc đời Fukuzawa Yukichi với những nỗ lực không mệt mỏi góp phần mang lại sự thành công cho công cuộc Minh Trị Duy Tân (1868) ở Nhật Bản.
Đã lưu trong:
| 主要作者: | |
|---|---|
| 格式: | 图书 |
| 语言: | Undetermined |
| 出版: |
Hà Nội
Tri thức
2006
|
| 主题: | |
| 标签: |
添加标签
没有标签, 成为第一个标记此记录!
|
| Thư viện lưu trữ: | Trung tâm Học liệu Trường Đại học Cần Thơ |
|---|
| LEADER | 00801nam a2200217Ia 4500 | ||
|---|---|---|---|
| 001 | CTU_155674 | ||
| 008 | 210402s9999 xx 000 0 und d | ||
| 020 | |c 49500 | ||
| 082 | |a 920.52 | ||
| 082 | |b Y94 | ||
| 100 | |a Yukichi, Fukuzawa | ||
| 245 | 0 | |a Phúc ông tự truyện | |
| 245 | 0 | |c Fukuzawa Yukichi; Phạm Thu Giang (dịch) | |
| 260 | |a Hà Nội | ||
| 260 | |b Tri thức | ||
| 260 | |c 2006 | ||
| 520 | |a Sách kể lại toàn bộ cuộc đời Fukuzawa Yukichi với những nỗ lực không mệt mỏi góp phần mang lại sự thành công cho công cuộc Minh Trị Duy Tân (1868) ở Nhật Bản. | ||
| 650 | |a Biography | ||
| 650 | |z Japan | ||
| 904 | |i Hiếu | ||
| 980 | |a Trung tâm Học liệu Trường Đại học Cần Thơ | ||